000 00314nam a2200133Ia 4500
100 _aMillman/J/ Taub and Herbert
942 _cBK
654 _apulse
245 _aPulse digital and switching waveforms
260 _bMc Graw Hill
_aNew Delhi
_c1965
082 _a621.3815
_bMR
300 _a958
546 _aENGLISH
999 _c21860
_d21860